Kinh tế học đại cương Mạo hiểm trong kinh doanh

Sách tóm lược các hình thức và nguyên tắc trong kinh doanh dưới dạng các mẩu chuyện và các nguyên lí tổng quát

Guardat en:
Dades bibliogràfiques
Autor principal: Việt Hà
Format: Llibre
Idioma:Undetermined
Publicat: Đồng Nai Nxb. Đồng Nai 1998
Matèries:
Etiquetes: Afegir etiqueta
Sense etiquetes, Sigues el primer a etiquetar aquest registre!
Thư viện lưu trữ: Trung tâm Học liệu Trường Đại học Cần Thơ
LEADER 00759nam a2200217Ia 4500
001 CTU_37433
008 210402s9999 xx 000 0 und d
020 |b 11.000đ 
082 |a 658.8 
082 |b V308 
100 |a Việt Hà 
245 0 |a Kinh tế học đại cương 
245 0 |b Mạo hiểm trong kinh doanh 
245 0 |c Việt Hà 
260 |a Đồng Nai 
260 |b Nxb. Đồng Nai 
260 |c 1998 
520 |a Sách tóm lược các hình thức và nguyên tắc trong kinh doanh dưới dạng các mẩu chuyện và các nguyên lí tổng quát 
650 |a marketing 
904 |i Nguyễn Quang Điền, 000726 
980 |a Trung tâm Học liệu Trường Đại học Cần Thơ